Milton : un poema /

William Blake (1757-1827), poeta, pintor y grabador inglés. Escritor visionario, una de las personalidades más singulares y magnéticas del romanticismo europeo, pero cuya propuesta está ya muy cercana a la poesía moderna. Se dice que la idea central de su obra llegó a ser la desconfianza absoluta en...

Full beskrivning

Sparad:
Bibliografiska uppgifter
Huvudupphov: Blake, William (autor)
Materialtyp: Bok
Språk:spanska
Utgiven: Barcelona, España : DVD Ediciones, 2002, c2002
Serie:(DVD Poesía ; 47)
Ämnen:
Taggar: Lägg till en tagg
Inga taggar, Lägg till första taggen!

MARC

LEADER 00000nam^a2200000^a^4500
001 000173951
005 20250521000000.0
009 20260310101512.163
020 |a 84-95007-69-X 
037 |a Acervo ITESO - Biblioteca 
041 |a ESP 
082 |a 821.  |b BLA 
100 |a Blake, William  |e (autor) 
240 1 1 |a [Libros proféticos, de William Blake] 
245 1 0 |a Milton :  |b un poema /  |c W. Blake ; ed. y tr. por Bel Atreides. 
264 4 |a Barcelona, España :  |b DVD Ediciones,  |c 2002, c2002 
300 |a 395 p. 
336 |a texto  |b txt  |2 rdacontenido 
337 |a sin mediación  |b n  |2 rdamedio 
338 |a volumen  |b nc  |2 rdasoporte 
440 1 |a (DVD Poesía ;  |v 47) 
520 |a William Blake (1757-1827), poeta, pintor y grabador inglés. Escritor visionario, una de las personalidades más singulares y magnéticas del romanticismo europeo, pero cuya propuesta está ya muy cercana a la poesía moderna. Se dice que la idea central de su obra llegó a ser la desconfianza absoluta en el testimonio de los sentidos, y que éstos, para el poeta, suponían barreras que se interponen entre el alma y la verdadera sabiduría y el goce de la eternidad. Obras: Esbozos poéticos (1783), Cantos de la inocencia (1789), Cantos de la experiencia (1794), El matrimonio del cielo y del infierno (1790), América (1793), El libo de Urizen (1794), Milton (1804), Jerusalén (1804) y Vala, o las cuatro Zoas, obra póstuma. 
546 |a Edición bilingüe español-inglés 
649 |a XX 
650 |a Poesía Inglesa 
650 |a Romanticismo (Literatura) -  |z Inglaterra 
650 |a Literatura Inglesa -  |y Siglo XIX 
910 |a Fondo General 
920 |a Impresos - Libros 
930 |a Colección General 
940 |a Literatura 
905 |a 101 
901 |a 0500112034  |b IT1  |c LIT  |u 20250521 
902 |a https://opac.biblio.iteso.mx/vufind/Record/000173951